000 00928nam a2200229Ii 4500
003 JO-AjNU
008 230605s9999||||xx |||||||||||||| ||und||
017 _a1979-1810
020 _a7236-76-8
040 _aJO-AjNU
_bara
_erda
_cJO-AjNU
041 _aara
050 1 4 _aLC904.Q37 1979
100 3 _aالقرضاوي،يوسف,
_eauthor
_98278
245 0 0 _aالتربية الإسلامية ومدرسة حسن البنا (بمناسبة مرور ثلاثين عاما على إستشهاد الإمام حسن البنا)
250 _aط1
264 3 1 _aالقاهرة:مكتبة وهبة،1979
300 _a103ص
336 _atext
_btxt
_2rdacontent
337 _aunmediated
_bn
_2rdamedia
338 _avolume
_bnc
_2rdacarrier
650 4 _a التربية الإسلامية. حسن البنا، حسن أحمد عبد الرحمن، الشيخ، 1324-1368 هـ -الإخوان المسلمون (مصر)
_98279
999 _aA707
_c4275
_d4275